Photonics rules of thumb
Αποθηκεύτηκε σε:
| Κύριοι συγγραφείς: | , |
|---|---|
| Μορφή: | Βιβλίο |
| Γλώσσα: | Αγγλικά |
| Έκδοση: |
Nueva York
McGraw-Hill
2004
|
| Έκδοση: | 2a. ed |
| Θέματα: | |
| Ετικέτες: |
Προσθήκη ετικέτας
Δεν υπάρχουν, Καταχωρήστε ετικέτα πρώτοι!
|
MARC
| LEADER | 00000nam a2200000 a 4500 | ||
|---|---|---|---|
| 001 | UCL7832 | ||
| 003 | CL-VaPUC | ||
| 008 | 040604e20040000US |||||||||||||||||eng|d | ||
| 020 | |a 0071385193 | ||
| 082 | 0 | 4 | |a 621.36 |b FRI |2 21 |
| 100 | 0 | |a Friedman, Ed |e author |9 485739 | |
| 700 | 0 | |a Miller, John Lester |e author |9 485740 | |
| 245 | 1 | 0 | |a Photonics rules of thumb |
| 250 | |a 2a. ed | ||
| 300 | |a 418 p | ||
| 942 | |c BK | ||
| 945 | |d 20040604 00:00:00 |a cmena | ||
| 260 | |a Nueva York |b McGraw-Hill |c 2004 | ||
| 650 | 0 | |a Optica |9 263171 | |
| 650 | 7 | |a FOTOMETRIA |2 CL-VaPUC |9 266495 | |
| 650 | 0 | |a Instrumentos ópticos |9 314799 | |
| 583 | |a last modification |c 20040604 00:00:00 |k Rodrigo Vera | ||
| 999 | |c 309391 |d 309389 | ||